BIBLIOTHÈQUE DE LA MAISON DU MEXIQUE

Logo 1 Logo 2

Agricultura mexicana (notice nᵒ 5735)

détails MARC
000 -Sello discográfico
campo de control de longitud fija 01342nam0a2200325 4500
005 - Identificación de versión
campo de control 20251016084516.0
010 ## - Número Estándar Internacional de Libros (ISBN)
Número (ISBN) 968-6914-80-3 (obra completa)
010 ## - Número Estándar Internacional de Libros (ISBN)
Número (ISBN) 968-6914-89-7
035 ## - Otros números de control del sistema
Número de control del sistema 4353
099 ## - fechas locales
Tipo de ítem Koha LIBRO
100 ## - Datos de procesamiento general
Datos de procesamiento general 20120625d1999 m y0spay5003 ba
105 ## - Campo de datos codificados: Material textual, monográfico
Datos codificados de monografía a 001zy
200 1# - Título y mención de responsabilidad
Título propio Agricultura mexicana
Designación general del material texto impreso
Otra información del título crecimiento e innovaciones
Primer mención de responsabilidad Coordinación Margarita Menegus, Alejandro Tortolero
205 ## - Declaración de edición
Declaración de edición 1a ed
210 ## - Publicación, distribución, etc.
Lugar de publicación, distribución, etc. México
Nombre del editor, distribuidor, etc. Instituto de Investigaciones Dr José María Luis Mora
-- El Colegio de Michoacán
-- El Colegio de México
-- Universidad Nacional Autónoma de México, Instituto de Investigaciones Históricas
Fecha de publicación, distribución, etc. 1999
215 ## - Descripción física
Designación de material específico y extensión del ítem 249 p
Otras características físicas il., gráficas, mapas
Dimensiones 21 cm
320 ## - Nota de índices/bibliografías internas
Texto de la nota Incluye referencias bibliográficas
345 ## - Nota de información de adquisición
Fuente de adquisición/dirección de la suscripción [OBSOLETO] Donación
410 #1 - Series
Título Lecturas de Historia económica mexicana
606 ## - Término temático usado como materia
Elemento de entrada Agricultura
Subdivisión temática Aspectos económicos
Subdivisión geográfica México
Subdivisión temática Historia
Número Koha 10984
606 ## - Término temático usado como materia
Elemento de entrada Innovaciones agrícolas
Subdivisión temática Historia
Subdivisión geográfica México
Número Koha 10985
702 ## - Nombre personal - Responsabilidad secundaria
Elemento de entrada Menegus Bornemann
Parte del nombre distinta del elemento de entrada Margarita
Número Koha 4315
702 ## - Nombre personal - Responsabilidad secundaria
Elemento de entrada Tortolero Villaseñor
Parte del nombre distinta del elemento de entrada Alejandro
Fechas 1958-
Número Koha 2252
801 #0 - Fuente de origen
País FR
Agencia cm
Reglas de catalogación (convenciones descriptivas) AFNOR
900 ## -
-- 1/21231
942 ## - ELEMENTOS DE ENTRADA SECUNDARIOS (KOHA)
Tipo de ítem Koha Livre
996 ## -
-- MEX
-- 751145101
-- MMAG
-- 002855
-- 338.10 A278
-- 20120625LIV
Exemplaires
Estatus retirado Estado de daño Estado de pérdida Fecha de adquisición Biblioteca de origen Biblioteca actual Ubicación en estantería Código de barras Precio de reemplazo Signatura topográfica completa No para préstamo Tipo de ítem Koha Nota pública Nota no pública
      05/08/2025 Casa México Paris Casa México Paris   002855 05/08/2025 338.10 A278   Livre 20120625LIV 751145101